Computer Networks and Distributed Systems International Symposium, CNDS 2013, Tehran, Iran, December 25-26, 2013, Revised Selected Papers /

This book constitutes the refereed proceedings of the International Symposium on Computer Networks and Distributed Systems, CNDS 2013, held in Tehran, Iran, in December 2013. The 14 full papers presented were carefully reviewed and selected from numerous submissions. They are organized in topical se...

Full description

Bibliographic Details
Corporate Author: SpringerLink (Online service)
Other Authors: Jahangir, Amir Hossein (Editor), Movaghar, Ali (Editor), Asadi, Hossein (Editor)
Format: Electronic eBook
Language:English
Published: Cham : Springer International Publishing : Imprint: Springer, 2014.
Series:Communications in Computer and Information Science, 428
Subjects:
Online Access:Full Text via HEAL-Link
LEADER 02335nam a22004815i 4500
001 978-3-319-10903-9
003 DE-He213
005 20151111051222.0
007 cr nn 008mamaa
008 141007s2014 gw | s |||| 0|eng d
020 |a 9783319109039  |9 978-3-319-10903-9 
024 7 |a 10.1007/978-3-319-10903-9  |2 doi 
040 |d GrThAP 
050 4 |a TK5105.5-5105.9 
072 7 |a UKN  |2 bicssc 
072 7 |a COM075000  |2 bisacsh 
082 0 4 |a 004.6  |2 23 
245 1 0 |a Computer Networks and Distributed Systems  |h [electronic resource] :  |b International Symposium, CNDS 2013, Tehran, Iran, December 25-26, 2013, Revised Selected Papers /  |c edited by Amir Hossein Jahangir, Ali Movaghar, Hossein Asadi. 
264 1 |a Cham :  |b Springer International Publishing :  |b Imprint: Springer,  |c 2014. 
300 |a X, 169 p. 64 illus.  |b online resource. 
336 |a text  |b txt  |2 rdacontent 
337 |a computer  |b c  |2 rdamedia 
338 |a online resource  |b cr  |2 rdacarrier 
347 |a text file  |b PDF  |2 rda 
490 1 |a Communications in Computer and Information Science,  |x 1865-0929 ;  |v 428 
505 0 |a Cognitive and multimedia networks -- Wireless sensor networks -- Security -- Clouds and grids. 
520 |a This book constitutes the refereed proceedings of the International Symposium on Computer Networks and Distributed Systems, CNDS 2013, held in Tehran, Iran, in December 2013. The 14 full papers presented were carefully reviewed and selected from numerous submissions. They are organized in topical sections such as cognitive and multimedia networks; wireless sensor networks; security; clouds and grids. 
650 0 |a Computer science. 
650 0 |a Computer communication systems. 
650 0 |a Computer security. 
650 1 4 |a Computer Science. 
650 2 4 |a Computer Communication Networks. 
650 2 4 |a Systems and Data Security. 
700 1 |a Jahangir, Amir Hossein.  |e editor. 
700 1 |a Movaghar, Ali.  |e editor. 
700 1 |a Asadi, Hossein.  |e editor. 
710 2 |a SpringerLink (Online service) 
773 0 |t Springer eBooks 
776 0 8 |i Printed edition:  |z 9783319109022 
830 0 |a Communications in Computer and Information Science,  |x 1865-0929 ;  |v 428 
856 4 0 |u http://dx.doi.org/10.1007/978-3-319-10903-9  |z Full Text via HEAL-Link 
912 |a ZDB-2-SCS 
950 |a Computer Science (Springer-11645)